| 000 | 00357nam a2200133Ia 4500 | ||
|---|---|---|---|
| 005 | 20260328101455.0 | ||
| 008 | 260328s9999||||xx |||||||||||||| ||und|| | ||
| 100 | _aDe Long, David G | ||
| 245 | 0 |
_aAmerican Architecture : _b Inovation and tradition / _cDavid G De Long |
|
| 260 | _bRizzoli | ||
| 300 | _a177 p. | ||
| 650 | _aARQUITECTURA REGIONAL | ||
| 942 | _cBK | ||
| 999 |
_c8817 _d8817 |
||